[Event "Continental"]
[Site "Sao Paulo BRA"]
[Date "2009.07.29"]
[Round "6.85"]
[White "Mandetta, Joao Danilo Grobman"]
[Black "Campos, Alexandre Ferreira"]
[Result "0-1"]
[WhiteElo "1987"]
[BlackElo "2194"]
[EventDate "2009.07.25"]
[PlyCount "76"]

1.d4 g6 2.c4 f5 3.Nc3 Nf6 4.g3 Bg7 5.Bg2 d6 6.Nf3 O-O 7.O-O Nc6 8.Bg5 h6 
9.Bxf6 Bxf6 10.e4 e5 11.d5 Ne7 12.Nd2 f4 13.f3 fxg3 14.hxg3 Bg5 15.Qe2 c6 
16.Nb3 a5 17.Rad1 a4 18.Nc1 Qa5 19.Nd3 b5 20.dxc6 bxc4 21.Nf2 Qc5 22.Kh1 
Nxc6 23.f4 exf4 24.Rd5 Nd4 25.Qd1 f3 26.Bh3 Bxh3 27.Rxc5 Bg2+ 28.Kh2 dxc5 
29.Nh3 Bxf1 30.Qxf1 f2 31.Kg2 Kg7 32.Nd1 a3 33.bxa3 c3 34.Nxc3 Rxa3 35.Nd1
Be3 36.Nxe3 Rxe3 37.Nf4 g5 38.Qxf2 Rxg3+ 0-1

[Event "Continental"]
[Site "Sao Paulo BRA"]
[Date "2009.07.29"]
[Round "6.86"]
[White "Mesias Rojas, Rabindranath"]
[Black "Deus Filho, Joaquim de"]
[Result "1-0"]
[WhiteElo "2189"]
[BlackElo "1990"]
[EventDate "2009.07.25"]
[PlyCount "113"]

1.e4 c5 2.Nf3 d6 3.Bb5+ Bd7 4.Bxd7+ Nxd7 5.d4 cxd4 6.Qxd4 Ngf6 7.O-O Qb6 
8.Nc3 Qxd4 9.Nxd4 a6 10.f3 Rc8 11.Be3 e6 12.Rad1 Be7 13.Nb3 Ne5 14.Na5 Nc4
15.Nxc4 Rxc4 16.Rd2 O-O 17.Bf2 Rfc8 18.Bg3 d5 19.exd5 exd5 20.Be5 Bc5+ 21.
Kh1 Be3 22.Rd3 d4 23.Bxf6 gxf6 24.Nd5 R8c5 25.Nxe3 dxe3 26.c3 Ra4 27.Rxe3 
Rxa2 28.Rb1 Rd5 29.Re2 Rd3 30.Rc2 Ra5 31.Kg1 Rad5 32.Re1 Re5 33.Kf2 Kf8 
34.Rce2 Red5 35.Re8+ Kg7 36.R8e7 Rd7 37.Rxd7 Rxd7 38.Re2 Kg6 39.c4 Rd4 40.
Rc2 Kf5 41.Ke3 Rd1 42.Rc3 Ke5 43.Rb3 Rd7 44.Rb6 Kf5 45.b4 h5 46.g3 Kg5 47.
h3 Kf5 48.f4 Kg6 49.g4 hxg4 50.hxg4 Kg7 51.c5 Re7+ 52.Kd4 Rc7 53.Kd5 Re7 
54.Kd6 Kf8 55.f5 Ke8 56.c6 bxc6 57.Rb8# 1-0

[Event "Continental"]
[Site "Sao Paulo BRA"]
[Date "2009.07.29"]
[Round "6.87"]
[White "Palozi, Paulo Ricardo"]
[Black "Nery Junior, Jose Antonio"]
[Result "0-1"]
[WhiteElo "2127"]
[BlackElo "1986"]
[EventDate "2009.07.25"]
[PlyCount "104"]

1.d4 Nf6 2.Nf3 e6 3.c4 c5 4.Nc3 g6 5.g3 cxd4 6.Nxd4 Bg7 7.Bg2 O-O 8.O-O 
Nc6 9.Ndb5 Ne8 10.Bf4 a6 11.Nd6 Ne5 12.Nxb7 Bxb7 13.Bxb7 Ra7 14.Bxe5 Bxe5 
15.Bg2 Bxc3 16.bxc3 Qc8 17.Qb3 Rc7 18.Rfc1 Nd6 19.c5 Rxc5 20.a4 Qc7 21.
Rab1 Nc4 22.Rd1 d5 23.e4 dxe4 24.Bxe4 Nd6 25.Bg2 Rxc3 26.Qb6 Nf5 27.Qxa6 
Qe5 28.Ra1 Nd4 29.a5 Nb3 30.Re1 Qc7 31.Ra2 Nc1 32.Ra1 Rb8 33.Qf1 Nb3 34.a6
Nxa1 35.Rxa1 Qa7 36.Qe1 Rcb3 37.Be4 R8b6 38.Qe2 Rb2 39.Qe3 R2b3 40.Qd4 
Rb1+ 41.Kg2 Rxa1 42.Qd8+ Kg7 43.Qd4+ f6 44.Qxa1 Rxa6 45.Qe1 Qd4 46.Qe2 Rd6
47.Bf3 e5 48.g4 Re6 49.Be4 Rb6 50.Qf3 Rb4 51.Qa3 Qxe4+ 52.f3 Qb7 0-1

[Event "Continental"]
[Site "Sao Paulo BRA"]
[Date "2009.07.29"]
[Round "6.88"]
[White "Daneri, Martin"]
[Black "Nunes, Allan Hurba"]
[Result "0-1"]
[WhiteElo "2121"]
[BlackElo "1976"]
[EventDate "2009.07.25"]
[PlyCount "100"]

1.e4 e6 2.d3 d5 3.Qe2 dxe4 4.dxe4 e5 5.Nf3 Nc6 6.c3 a5 7.Qc2 Bc5 8.Bb5 Qe7
9.Nbd2 Bxf2+ 10.Ke2 Bc5 11.Nc4 Bg4 12.Qa4 Bd7 13.b4 Bd6 14.bxa5 Nf6 15.Bg5
O-O 16.Rhf1 Qe6 17.Bxf6 gxf6 18.g4 Bc5 19.Rad1 Rfd8 20.h3 Nxa5 21.Rxd7 
Rxd7 22.Nxa5 c6 23.Bc4 Qe7 24.Rb1 Qd8 25.Rxb7 Rxb7 26.Nxb7 Rxa4 27.Bxf7+ 
Kxf7 28.Nxd8+ Ke7 29.Nxc6+ Kd7 30.Nb4 Bxb4 31.cxb4 Rxa2+ 32.Ke3 Ra3+ 33.
Ke2 Rb3 34.g5 Ke6 35.gxf6 Kxf6 36.h4 Rxb4 37.Ke3 Rb3+ 38.Kf2 h6 39.Nd2 Rh3
40.Nf3 Rh1 41.Kg2 Ra1 42.Kf2 Ra5 43.Ke3 Kg6 44.Nd2 Ra3+ 45.Kf2 Ra2 46.Ke3 
Rxd2 47.Kxd2 Kh5 48.Ke3 Kxh4 49.Kf3 h5 50.Ke3 Kg3 0-1

[Event "Continental"]
[Site "Sao Paulo BRA"]
[Date "2009.07.29"]
[Round "6.89"]
[White "Veit, Darlan Rodrigo"]
[Black "Baccarin, Natalia Viaro"]
[Result "1-0"]
[WhiteElo "2105"]
[BlackElo "1939"]
[EventDate "2009.07.25"]
[PlyCount "81"]

1.e4 c5 2.Nf3 Nc6 3.Bb5 g6 4.Bxc6 dxc6 5.d3 Bg7 6.h3 Nf6 7.O-O Nd7 8.Nc3 
e5 9.Be3 Qe7 10.Qd2 Nf8 11.a3 Ne6 12.Ng5 Nf4 13.Bxf4 exf4 14.Nf3 Be5 15.
Rfb1 g5 16.Nxe5 Qxe5 17.f3 h5 18.Ne2 Be6 19.h4 Rg8 20.hxg5 Qxg5 21.Nxf4 h4
22.Rd1 h3 23.Nxe6 fxe6 24.Qxg5 Rxg5 25.g4 Ke7 26.Kh2 Rf8 27.Kg3 Rg7 28.Rh1
Rh7 29.Raf1 Rfh8 30.Rh2 e5 31.Rfh1 Rf8 32.Rxh3 Rhf7 33.Rh7 Ke6 34.R1h6+ 
Ke7 35.Rxf7+ Rxf7 36.Rh8 Kf6 37.Ra8 a6 38.Re8 Rh7 39.g5+ Kxg5 40.Rxe5+ Kf6
41.Rxc5 1-0

[Event "Continental"]
[Site "Sao Paulo BRA"]
[Date "2009.07.29"]
[Round "6.90"]
[White "Pereira, Amanda Marques"]
[Black "Chaves, Jorge Antonio Torres"]
[Result "1-0"]
[WhiteElo "1926"]
[BlackElo "2102"]
[EventDate "2009.07.25"]
[PlyCount "67"]

1.e4 c5 2.c3 e6 3.d4 d5 4.exd5 Qxd5 5.Nf3 Nc6 6.Be2 Nf6 7.O-O cxd4 8.cxd4 
Be7 9.Nc3 Qd8 10.Bg5 O-O 11.a3 a6 12.Qd3 h6 13.Bh4 Nd5 14.Bg3 g6 15.Ne5 
Nxe5 16.dxe5 Nxc3 17.Qxc3 Qb6 18.Bf4 Kg7 19.Rad1 Qc5 20.Qd2 Rh8 21.Rc1 Qb6
22.Rfd1 Bc5 23.Bf3 a5 24.Rc4 a4 25.Qc2 Be7 26.Rc7 Re8 27.Be3 Qb5 28.Qc1 g5
29.h4 Rb8 30.hxg5 Kg8 31.gxh6 Bf8 32.Ba7 Ra8 33.Qg5+ Kh8 34.Qf6+ 1-0

[Event "Continental"]
[Site "Sao Paulo BRA"]
[Date "2009.07.29"]
[Round "6.92"]
[White "Saito, Vinicius Ikezu"]
[Black "Batista, Eliseu da Silva"]
[Result "1-0"]
[WhiteElo "2080"]
[BlackElo "1901"]
[EventDate "2009.07.25"]
[PlyCount "151"]

1.d4 d5 2.Nf3 Bf5 3.c4 e6 4.cxd5 exd5 5.Nc3 c6 6.g3 Nf6 7.Bg2 Na6 8.O-O 
Nc7 9.Qb3 Rb8 10.Ne5 Ne6 11.Be3 Bd6 12.Rad1 Qc7 13.f4 h5 14.Nf3 Qe7 15.Nh4
g6 16.Bc1 Ng7 17.Qa4 b5 18.Qb3 O-O 19.Rde1 Be4 20.Nxe4 Nxe4 21.Qf3 Kh7 22.
f5 Qf6 23.fxg6+ fxg6 24.Qe3 Nf5 25.Nxf5 gxf5 26.Bh3 Qg6 27.Kh1 Rf6 28.Rf3 
Rg8 29.Ref1 Rgf8 30.Qd3 R8f7 31.Bf4 Bxf4 32.Rxf4 Kg7 33.Kg2 Qg5 34.e3 Kf8 
35.Qe2 Nd6 36.Qc2 Ne4 37.b3 Ke7 38.Qe2 Nc3 39.Qe1 Ne4 40.Qa5 Kf8 41.Qd8+ 
Kg7 42.Qc8 Rf8 43.Qc7+ R8f7 44.Qe5 Kg6 45.Rc1 h4 46.g4 Kh6 47.Rcf1 fxg4 
48.Bxg4 Qxe5 49.dxe5 Rxf4 50.exf4 c5 51.e6 Rg7 52.h3 Nf6 53.Kf3 Ne4 54.Rd1
Nc3 55.Rd2 d4 56.b4 cxb4 57.Rxd4 Kg6 58.Rxb4 Kf6 59.Rb3 Rc7 60.Ke3 a5 61.
Kd3 b4 62.a3 Nd5 63.axb4 Nxf4+ 64.Kd4 axb4 65.Rf3 Kg5 66.Ke5 Rc5+ 67.Kd6 
Rd5+ 68.Kc6 Re5 69.Kd6 Rd5+ 70.Kc6 Re5 71.Kd7 Rd5+ 72.Ke7 Ng6+ 73.Ke8 Re5 
74.Kd7 Rd5+ 75.Kc6 Nf4 76.Rxf4 1-0

[Event "Continental"]
[Site "Sao Paulo BRA"]
[Date "2009.07.29"]
[Round "6.93"]
[White "Palomino, Alexandre"]
[Black "Torres, Douglas da Silva"]
[Result "0-1"]
[WhiteElo "1879"]
[BlackElo "2069"]
[EventDate "2009.07.25"]
[PlyCount "46"]

1.e4 Nf6 2.Nc3 d5 3.exd5 Nxd5 4.Nxd5 Qxd5 5.Nf3 e5 6.d4 e4 7.Ne5 b5 8.c4 
Bb4+ 9.Bd2 Qxd4 10.Bxb4 Qxe5 11.Bc3 Qg5 12.Qd5 Qxd5 13.cxd5 Bd7 14.Bxg7 
Rg8 15.Be5 Rg5 16.Bxc7 Rxd5 17.Be2 Na6 18.Bf4 Nc5 19.O-O Nd3 20.Bxd3 exd3 
21.Rfe1+ Be6 22.Bd2 Rc8 23.Rac1 Rc2 0-1

[Event "Continental"]
[Site "Sao Paulo BRA"]
[Date "2009.07.29"]
[Round "6.102"]
[White "Awoki, Daniel Teidi"]
[Black "Ramos, Angelo Bil"]
[Result "1/2-1/2"]
[WhiteElo "1927"]
[BlackElo "2197"]
[EventDate "2009.07.25"]
[PlyCount "229"]

1.e4 c5 2.c3 Nf6 3.e5 Nd5 4.d4 e6 5.Nf3 Nc6 6.Bc4 Nb6 7.Bb3 d5 8.exd6 Qxd6
9.Na3 a6 10.Be3 cxd4 11.Nxd4 Na5 12.Nxe6 Bxe6 13.Qxd6 Bxd6 14.Bxe6 Na4 15.
Nc4 Nxc4 16.Bxc4 Nxb2 17.Bd5 Rb8 18.Bd4 Nd3+ 19.Kd2 Nf4 20.Rhe1+ Kf8 21.
Be4 h5 22.Rab1 b5 23.a4 Rh6 24.axb5 axb5 25.g3 Ne6 26.Ba7 Rd8 27.Kc2 Nc7 
28.Bd3 Ra8 29.Be3 Ra2+ 30.Kd1 Re6 31.Bxb5 Nxb5 32.Rxb5 Be5 33.c4 Ke8 34.
Bc1 Bd4 35.Rxe6+ fxe6 36.Rxh5 Rxf2 37.Bd2 Kd7 38.h4 Kc6 39.Rg5 Bf6 40.Rg6 
Rh2 41.Bg5 Bd4 42.Rxe6+ Kc5 43.Re4 Ra2 44.h5 Rh2 45.g4 Rg2 46.h6 gxh6 47.
Bxh6 Bc3 48.Bf8+ Kc6 49.Re6+ Kd7 50.Rg6 Ke8 51.Bh6 Kf7 52.Rc6 Rxg4 53.Kc2 
Be1 54.Kb3 Ke7 55.Ka4 Kd7 56.Kb5 Rg2 57.Ra6 Rb2+ 58.Kc5 Bf2+ 59.Kd5 Rb6 
60.Ra7+ Kc8 61.Rh7 Rb7 62.Rh8+ Kd7 63.c5 Bxc5 64.Kxc5 Ke6 65.Re8+ Kf7 66.
Re1 Rd7 67.Bf4 Rd3 68.Kc6 Kf6 69.Bd6 Kf5 70.Kd7 Rb3 71.Re5+ Kg4 72.Ke6 Kf3
73.Rg5 Rb1 74.Rg3+ Ke4 75.Rg4+ Ke3 76.Kf5 Rb5+ 77.Be5 Kd3 78.Rd4+ Ke3 79.
Rc4 Rb3 80.Rh4 Kd3 81.Ke6 Rb6+ 82.Bd6 Rb5 83.Be5 Rb6+ 84.Kd5 Rb5+ 85.Kd6 
Rb1 86.Kc5 Rd1 87.Kd5 Ke3+ 88.Bd4+ Kf3 89.Ke5 Re1+ 90.Kf5 Re8 91.Rh3+ Ke2 
92.Be5 Ra8 93.Ke4 Re8 94.Rh2+ Ke1 95.Kd4 Kf1 96.Ra2 Ke1 97.Bf4 Re2 98.Ra1+
Kf2 99.Ra3 Ke1 100.Be3 Kf1 101.Kd3 Rb2 102.Bd4 Rb7 103.Ra2 Rb3+ 104.Ke4 
Ke1 105.Be3 Rb8 106.Bf4 Re8+ 107.Kf3 Kd1 108.Rd2+ Ke1 109.Rc2 Rd8 110.Rc1+
Rd1 111.Rc5 Rb1 112.Rh5 Kd1 113.Rh2 Rb7 114.Be5 Rb3+ 115.Ke4 1/2-1/2

[Event "Continental"]
[Site "Sao Paulo BRA"]
[Date "2009.07.29"]
[Round "6.103"]
[White "Chiari, Arthur Gontijo"]
[Black "Roland, Marcos Maldonado"]
[Result "1-0"]
[WhiteElo "1854"]
[BlackElo "2155"]
[EventDate "2009.07.25"]
[PlyCount "74"]

1.e4 c5 2.Nf3 g6 3.d4 cxd4 4.Nxd4 Bg7 5.c4 Nc6 6.Be3 Nf6 7.Nc3 O-O 8.Be2 
d6 9.O-O Bd7 10.Kh1 Nxd4 11.Bxd4 Bc6 12.Bd3 Nd7 13.Bxg7 Kxg7 14.f4 Qb6 15.
Rb1 Qd4 16.Qe2 Nc5 17.Bc2 a5 18.Rbd1 Qf6 19.Qe3 Rac8 20.Rf3 Kg8 21.f5 Qe5 
22.Rdf1 Nd7 23.Rh3 Qg7 24.Rf4 Ne5 25.Rfh4 h5 26.Bd1 Nxc4 27.Qf2 Qh6 28.Ne2
Qd2 29.Bb3 Bxe4 30.Rxe4 Ne5 31.Qe3 Qxb2 32.fxg6 Qb1+ 33.Ng1 Rc1 34.gxf7+ 
Kg7 35.Rg3+ Kh7 36.Rh4 Rxg1+ 37.Qxg1 Qxg1+ 1-0

[Event "Continental"]
[Site "Sao Paulo BRA"]
[Date "2009.07.29"]
[Round "6.104"]
[White "Britez, Jorge Antonio Gonzales"]
[Black "Carvalho, Felipe Lobo"]
[Result "0-1"]
[WhiteElo "1877"]
[BlackElo "2141"]
[EventDate "2009.07.25"]
[PlyCount "62"]

1.e4 c5 2.Nf3 d6 3.d4 cxd4 4.Nxd4 Nf6 5.Nc3 e6 6.Be3 e5 7.Nb3 Be6 8.Qd2 
Be7 9.f3 h5 10.O-O-O Nbd7 11.Kb1 b5 12.Nd5 Bxd5 13.exd5 Rc8 14.Be2 Nb6 15.
Bxb6 Qxb6 16.Rc1 O-O 17.c4 b4 18.g4 a5 19.gxh5 a4 20.Rcg1 Nxh5 21.Qh6 axb3
22.f4 bxa2+ 23.Ka1 exf4 24.Bxh5 Qd4 25.Rg4 Bf6 26.Rg2 Qxb2+ 27.Rxb2 gxh6 
28.Kxa2 Bxb2 29.Kxb2 Rxc4 30.Rg1+ Kh7 31.Kb3 Rd4 0-1

[Event "Continental"]
[Site "Sao Paulo BRA"]
[Date "2009.07.29"]
[Round "6.105"]
[White "Garcia, Liria Caetano"]
[Black "Cella, Glaucio Dalla Cortt"]
[Result "1/2-1/2"]
[WhiteElo "1837"]
[BlackElo "2044"]
[EventDate "2009.07.25"]
[PlyCount "101"]

1.d4 Nf6 2.c4 e5 3.dxe5 Ng4 4.Bf4 Nc6 5.Nf3 Bb4+ 6.Nbd2 Qe7 7.a3 Ngxe5 8.
Nxe5 Nxe5 9.e3 Bd6 10.Bg3 b6 11.Ne4 Bc5 12.Nxc5 Qxc5 13.b4 Qd6 14.Qxd6 
cxd6 15.c5 O-O 16.cxd6 Re8 17.Be2 Bb7 18.O-O f5 19.Rac1 a6 20.a4 Nc6 21.b5
axb5 22.axb5 Nd4 23.Bd3 Be4 24.Bc4+ Ne6 25.f3 Bb7 26.e4 fxe4 27.fxe4 Bxe4 
28.Rce1 Bb7 29.Bh4 Bc8 30.Rf4 h6 31.Be7 Kh7 32.Rf5 Nc5 33.Ref1 Bb7 34.Rf7 
Ra4 35.Be2 Kg6 36.Bd1 Ra2 37.R7f2 Rea8 38.h4 h5 39.Be2 Ne4 40.Bd3 Rxf2 41.
Rxf2 Kh6 42.Re2 Ra4 43.Bd8 Rd4 44.Bc2 Nf6 45.Bxb6 Rxh4 46.Be3+ g5 47.Bc1 
Ne4 48.Re3 Rg4 49.Bd1 Rg3 50.Bf3 Nxd6 51.Kf2 1/2-1/2

[Event "Continental"]
[Site "Sao Paulo BRA"]
[Date "2009.07.29"]
[Round "6.106"]
[White "Pedroso Junior, Arquimedes Gomes"]
[Black "Mendes, David"]
[Result "1-0"]
[WhiteElo "2028"]
[BlackElo "1827"]
[EventDate "2009.07.25"]
[PlyCount "45"]

1.e4 c6 2.Nc3 d5 3.d4 dxe4 4.Nxe4 Bf5 5.Ng3 Bg6 6.Nf3 Nd7 7.h4 h5 8.Be2 e6
9.O-O Bd6 10.Re1 Ngf6 11.c4 Bxg3 12.fxg3 Ne4 13.Bf4 Qb6 14.Bd3 Nef6 15.
Bxg6 fxg6 16.Rxe6+ Kf7 17.Ng5+ Kg8 18.Qd2 Nh7 19.Re7 Ndf6 20.Ne6 Ne8 21.
Be5 Nhf6 22.Qg5 Kh7 23.Bxf6 1-0

[Event "Continental"]
[Site "Sao Paulo BRA"]
[Date "2009.07.29"]
[Round "6.107"]
[White "Reis, Alan de Albuquerque Maranha"]
[Black "Mello, Rodrigo de"]
[Result "1-0"]
[WhiteElo "2026"]
[BlackElo "1819"]
[EventDate "2009.07.25"]
[PlyCount "113"]

1.d4 d5 2.c4 e6 3.Nc3 c6 4.Nf3 Nf6 5.Bg5 Be7 6.e3 O-O 7.Be2 Nbd7 8.O-O h6 
9.Bh4 b6 10.Rc1 c5 11.Ne5 Bb7 12.Bf3 Nxe5 13.dxe5 Nd7 14.Bg3 Ba6 15.cxd5 
Bxf1 16.d6 Bh4 17.Bxa8 Qxa8 18.Qxf1 Bxg3 19.hxg3 Nxe5 20.Qa6 Rd8 21.Nb5 
Nc6 22.Rd1 Rd7 23.a3 Qd8 24.Qa4 Nb8 25.Nxa7 Rxd6 26.Rxd6 Qxd6 27.Qe8+ Qf8 
28.Qc8 Qxc8 29.Nxc8 Nd7 30.Kf1 Kf8 31.Ke2 Ke8 32.Kd3 Kd8 33.Nd6 Ke7 34.Nc4
Kd8 35.e4 Kc7 36.f4 b5 37.Ne3 Kc6 38.g4 g5 39.g3 f6 40.b4 cxb4 41.axb4 Nb6
42.Nc2 e5 43.fxe5 fxe5 44.Ne3 Nd7 45.Nf5 Nf8 46.Nxh6 Ne6 47.Nf7 Kd7 48.
Nxe5+ Kd6 49.Nf3 Ke7 50.Nd4 Nc7 51.e5 Nd5 52.Ke4 Nxb4 53.Nxb5 Nc6 54.Nd4 
Nd8 55.Kf5 Nf7 56.Nf3 Nd8 57.Nxg5 1-0

[Event "Continental"]
[Site "Sao Paulo BRA"]
[Date "2009.07.29"]
[Round "6.108"]
[White "Zanetti, Joao Carlos Pereira"]
[Black "Ferreira, Jose Carlos"]
[Result "1/2-1/2"]
[WhiteElo "1746"]
[BlackElo "2013"]
[EventDate "2009.07.25"]
[PlyCount "53"]

1.d4 c5 2.d5 f5 3.c4 g6 4.Nc3 Bg7 5.Bd2 d6 6.e3 Nf6 7.Bd3 Nbd7 8.Nf3 Ne5 
9.Nxe5 dxe5 10.O-O O-O 11.a3 e6 12.Qb3 Kh8 13.e4 f4 14.Be2 g5 15.f3 h5 16.
Rad1 exd5 17.Nxd5 Nxd5 18.cxd5 Qd6 19.Qc4 b6 20.b4 a5 21.Qc2 cxb4 22.axb4 
Bd7 23.bxa5 bxa5 24.Rc1 Qb6+ 25.Qc5 Qxc5+ 26.Rxc5 a4 27.Rc7 1/2-1/2

[Event "Continental"]
[Site "Sao Paulo BRA"]
[Date "2009.07.29"]
[Round "6.111"]
[White "Gotz, Klaus Seiji Furucho"]
[Black "Reis, Ernesto Guevara"]
[Result "1/2-1/2"]
[WhiteElo "1541"]
[BlackElo "1985"]
[EventDate "2009.07.25"]
[PlyCount "56"]

1.d4 Nf6 2.c4 c5 3.d5 d6 4.Nc3 g6 5.e4 b5 6.cxb5 a6 7.a4 Bg7 8.Bg5 O-O 9.
Nf3 Qa5 10.Qd2 Qc7 11.Ra3 Bd7 12.Be2 axb5 13.Bxb5 Bxb5 14.Nxb5 Qb7 15.Qc2 
Nbd7 16.O-O c4 17.Be3 Rfc8 18.h3 Nc5 19.Bxc5 Rxc5 20.Nfd4 Nd7 21.Nc6 Nb6 
22.Rfa1 Bf6 23.Nc3 e6 24.Nb4 exd5 25.Nbxd5 Nxd5 26.Nxd5 Qxb2 27.Nxf6+ Qxf6
28.Rc3 Qe5 1/2-1/2

[Event "Continental"]
[Site "Sao Paulo BRA"]
[Date "2009.07.29"]
[Round "6.116"]
[White "Gomes, Marco Tulio Caldeira"]
[Black "Mariano, Marceley Martins"]
[Result "1-0"]
[WhiteElo "1890"]
[BlackElo "2040"]
[EventDate "2009.07.25"]
[PlyCount "126"]

1.e4 c5 2.Nc3 Nc6 3.g3 d6 4.Bg2 g6 5.d3 Bg7 6.f4 f5 7.Nf3 Rb8 8.O-O Nf6 9.
Rb1 b5 10.exf5 Bxf5 11.Nh4 Bd7 12.f5 Ne5 13.Bf4 Nh5 14.Bxe5 Bxe5 15.fxg6 
Bd4+ 16.Kh1 hxg6 17.Qf3 Bf5 18.Rbe1 Qd7 19.Nd5 e6 20.g4 Be5 21.gxh5 exd5 
22.Qxd5 Be6 23.Rxe5 dxe5 24.Qxe5 Qc8 25.Qxh8+ Kd7 26.Qxc8+ Rxc8 27.Nxg6 
Kd6 28.Be4 c4 29.h6 Rc7 30.Nf8 Bg8 31.h7 Bxh7 32.Nxh7 Ke5 33.Rf5+ Kd4 34.
c3+ Ke3 35.Rf3+ Ke2 36.Ng5 a5 37.h4 b4 38.d4 b3 39.a3 Re7 40.Kg2 Rg7 41.
Rf2+ Kd1 42.Bf3+ Kc1 43.Kf1 Kb1 44.Ne6 Rh7 45.h5 Rh8 46.Nc5 Ka2 47.Be4 
Rxh5 48.Bf3 Rf5 49.d5 Rxf3 50.Rxf3 Kxb2 51.Rf2+ Kxa3 52.d6 b2 53.Rxb2 Kxb2
54.d7 Kxc3 55.d8=Q Kb4 56.Qb6+ Kc3 57.Qxa5+ Kd4 58.Na4 Ke4 59.Qc3 Kd5 60.
Nb6+ Kc5 61.Qxc4+ Kxb6 62.Ke2 Ka7 63.Qb5 Ka8 1-0

[Event "Continental"]
[Site "Sao Paulo BRA"]
[Date "2009.07.29"]
[Round "6.117"]
[White "Costa, Francisco Carlos da Cruz"]
[Black "Van Riemsdijk, Marius Rombout"]
[Result "1-0"]
[WhiteElo "2019"]
[BlackElo "1854"]
[EventDate "2009.07.25"]
[PlyCount "54"]

1.e4 e5 2.Nf3 Nc6 3.Bc4 Nf6 4.Ng5 d5 5.exd5 Nd4 6.d3 b5 7.Bb3 Nxb3 8.axb3 
Qxd5 9.O-O Bb7 10.f3 Bc5+ 11.Kh1 O-O 12.Nc3 Qc6 13.Nge4 Bd4 14.Nxf6+ gxf6 
15.Bh6 Rfe8 16.Qe1 f5 17.Qg3+ Qg6 18.Qxg6+ fxg6 19.Nxb5 Re7 20.Nxd4 exd4 
21.Bg5 Re2 22.Rfc1 a6 23.Kg1 Rae8 24.Ra4 c5 25.Rc4 R8e5 26.Kf1 Bxf3 27.
gxf3 Rxh2 1-0

[Event "Continental"]
[Site "Sao Paulo BRA"]
[Date "2009.07.29"]
[Round "6.118"]
[White "Martins, Vilker Germano"]
[Black "Elihimas, Frederico Gomes"]
[Result "0-1"]
[WhiteElo "2009"]
[BlackElo "1825"]
[EventDate "2009.07.25"]
[PlyCount "170"]

1.d4 Nf6 2.c4 g6 3.Nc3 Bg7 4.e4 d6 5.h3 O-O 6.Nf3 Nbd7 7.Bd3 e5 8.d5 Nc5 
9.Bc2 a5 10.Bg5 h6 11.Be3 b6 12.Qd2 Kh7 13.Rc1 Bd7 14.O-O Ng8 15.g4 Qc8 
16.Nh4 Ne7 17.f3 f5 18.Kh2 f4 19.Bf2 Bf6 20.Ng2 Rg8 21.Rh1 Kg7 22.Rcg1 Kf7
23.Ne1 g5 24.Kg2 Ng6 25.Kf1 h5 26.Ke2 h4 27.Bd1 Qa6 28.b3 a4 29.Bxc5 bxc5 
30.Nd3 Rgb8 31.Qc2 axb3 32.axb3 Ra7 33.Kf2 Qb7 34.Nc1 Rba8 35.Re1 Ra6 36.
Re2 Ne7 37.Kg2 Nc8 38.Rf1 Nb6 39.Kg1 Ra5 40.Kg2 Qa7 41.Rff2 Qb7 42.Qd3 Nc8
43.Ra2 Rxa2 44.Rxa2 Nb6 45.Qd2 Ke7 46.Qc2 Kd8 47.Nd3 c6 48.Qb1 Kc7 49.Bc2 
Bd8 50.Nb2 Kc8 51.Kf2 Be8 52.Qa1 Kb8 53.Ke2 cxd5 54.exd5 Bc7 55.Rxa8+ Qxa8
56.Qxa8+ Kxa8 57.Nbd1 Kb7 58.Nf2 Bd8 59.Nfe4 Kc7 60.Kd1 Be7 61.Kc1 Bd8 62.
Kb1 Be7 63.Ka2 Bd7 64.Ka3 Be8 65.Kb2 Bd7 66.Ka3 Be8 67.Bd1 Bd7 68.Ne2 Be8 
69.Nc1 Bd7 70.Nd3 Bc8 71.Ndf2 Bd7 72.Nc3 Be8 73.Nfe4 Bd7 74.Nf2 Be8 75.Nd3
Bd7 76.Nc1 Be8 77.Bc2 Bd7 78.Na4 Bxa4 79.bxa4 Nxc4+ 80.Ka2 Ne3 81.Be4 Nd1 
82.Bd3 Nc3+ 83.Kb3 Nxd5 84.Kc4 Ne3+ 85.Kb5 d5 0-1

[Event "Continental"]
[Site "Sao Paulo BRA"]
[Date "2009.07.29"]
[Round "6.119"]
[White "Cardoso Junior, Cicero Assuncao"]
[Black "Casares, Luis Alberto"]
[Result "0-1"]
[WhiteElo "1888"]
[BlackElo "2007"]
[EventDate "2009.07.25"]
[PlyCount "82"]

1.Nf3 d5 2.d4 Nf6 3.g3 g6 4.Bg2 Bg7 5.c4 c6 6.cxd5 cxd5 7.O-O O-O 8.Nc3 
Nc6 9.Ne5 Bf5 10.Qa4 Nxe5 11.dxe5 Nd7 12.Nxd5 Nxe5 13.Rd1 Bd7 14.Qh4 f6 
15.Bh6 e6 16.Bxg7 Kxg7 17.Ne3 Qb6 18.b3 Rad8 19.Ng4 Nxg4 20.Qxg4 Qb5 21.a4
Qb6 22.b4 h5 23.Qe4 Bc8 24.a5 Qb5 25.e3 Qe2 26.Bf3 Qb5 27.Kg2 e5 28.Rac1 
Rxd1 29.Bxd1 f5 30.Qh4 Qd5+ 31.Kg1 Be6 32.Qe7+ Rf7 33.Qc5 Qe4 34.Bc2 Qf3 
35.Qxe5+ Rf6 36.Bd1 Qd5 37.Rc7+ Kh6 38.Qa1 f4 39.exf4 Bh3 40.f3 Qe6 41.Rc2
Qe1# 0-1

[Event "Continental"]
[Site "Sao Paulo BRA"]
[Date "2009.07.29"]
[Round "6.121"]
[White "Haman, Muhammad"]
[Black "Ferreira, Jonas de Vargas"]
[Result "1-0"]
[WhiteElo "1950"]
[BlackElo "1771"]
[EventDate "2009.07.25"]
[PlyCount "99"]

1.e4 e6 2.d4 d5 3.Nc3 dxe4 4.Nxe4 Be7 5.Nf3 Bd7 6.Bd3 Nf6 7.O-O Bc6 8.Re1 
Nxe4 9.Bxe4 Bxe4 10.Rxe4 Qd5 11.Qd3 Nd7 12.c4 Qf5 13.Qe2 O-O 14.Bd2 Bf6 
15.g4 Qg6 16.h4 h5 17.g5 Be7 18.Ne1 Qf5 19.Rf4 Qg6 20.Rc1 Rfe8 21.Qe4 Qxe4
22.Rxe4 Rad8 23.Bc3 Nb6 24.b3 c5 25.a4 Nd7 26.Nd3 cxd4 27.Bxd4 a6 28.Kf1 
Nb8 29.Ke2 Nc6 30.Bc3 Bf8 31.b4 Rc8 32.Rd1 g6 33.b5 axb5 34.axb5 Ne7 35.
Ne5 Red8 36.Nd7 Bg7 37.Ba5 Re8 38.Bb6 Nf5 39.Nc5 Bf8 40.Nxb7 Rb8 41.Nc5 
Rxb6 42.Nd7 Nd6 43.Nf6+ Kh8 44.Rxd6 Rxd6 45.Nxe8 Rd8 46.Nc7 Rc8 47.Na6 Bd6
48.c5 Bf8 49.b6 Bxc5 50.b7 1-0

[Event "Continental"]
[Site "Sao Paulo BRA"]
[Date "2009.07.29"]
[Round "6.122"]
[White "Abdalla, Jose Lucas Aurelli"]
[Black "Nobre, Jose Adalberto Barbosa"]
[Result "1-0"]
[WhiteElo "1939"]
[BlackElo "1814"]
[EventDate "2009.07.25"]
[PlyCount "73"]

1.e4 c5 2.Nf3 d6 3.c3 Nc6 4.Be2 Nf6 5.d4 cxd4 6.cxd4 g6 7.O-O Bg7 8.Nc3 
O-O 9.h3 d5 10.e5 Ne4 11.Bd3 Bf5 12.Re1 Nxc3 13.bxc3 Bxd3 14.Qxd3 e6 15.
Rb1 Na5 16.Nd2 Rc8 17.Ba3 Re8 18.Rec1 Bh6 19.Rc2 Bxd2 20.Qxd2 Nc4 21.Qc1 
Qd7 22.h4 Rc6 23.h5 Ra6 24.Bc5 b6 25.Bb4 Ra4 26.Qf4 Qd8 27.h6 a5 28.Bd6 g5
29.Qg4 Nxd6 30.exd6 f5 31.Qh5 Kh8 32.Qf7 Rg8 33.Rxb6 Qf8 34.Qxe6 Rg6 35.
Qe5+ Kg8 36.Qxd5+ Kh8 37.d7 1-0

[Event "Continental"]
[Site "Sao Paulo BRA"]
[Date "2009.07.29"]
[Round "6.123"]
[White "Sztokbant, Bernardo Vainzoff"]
[Black "Medina, Diana Sanroman Baeta"]
[Result "1-0"]
[WhiteElo "1936"]
[BlackElo "1699"]
[EventDate "2009.07.25"]
[PlyCount "135"]

1.e4 c6 2.Ne2 d5 3.e5 Bf5 4.Nd4 Bd7 5.e6 Bxe6 6.Nxe6 fxe6 7.d4 Nf6 8.Bd3 
Qd6 9.f4 Nbd7 10.O-O g6 11.Be3 O-O-O 12.Nd2 Bh6 13.Kh1 Rhf8 14.g3 Nh5 15.
Nf3 Ng7 16.Qe2 Nf5 17.Bg1 Nf6 18.Rae1 Nh5 19.Bf2 Nfg7 20.Ne5 g5 21.Ng4 
gxf4 22.Nxh6 fxg3 23.Bxg3 Nxg3+ 24.hxg3 Qxg3 25.Qg2 Qh4+ 26.Qh2 Rxf1+ 27.
Rxf1 Qxd4 28.b3 Qe3 29.Nf7 Re8 30.Qxh7 Qg3 31.Qh2 Qxh2+ 32.Kxh2 Kc7 33.Kg2
Nh5 34.Kf2 Nf4 35.Ke3 Nxd3 36.Kxd3 c5 37.Rg1 b5 38.Ke3 a5 39.Kf4 Rf8 40.
Rg7 c4 41.Ke5 Kd7 42.Kd4 cxb3 43.cxb3 Kc6 44.Ne5+ Kd6 45.Nf7+ Kc6 46.Ke5 
Kd7 47.Kd4 Kc6 48.Ng5 Kd6 49.Nf7+ Kc6 50.Ne5+ Kd6 51.Nd3 e5+ 52.Ke3 Rf1 
53.Rg3 e4 54.Nf4 Rf3+ 55.Rxf3 exf3 56.Kxf3 e5 57.Ne2 Kc5 58.Nc3 e4+ 59.Ke2
b4 60.Nd1 Kd4 61.Kd2 Ke5 62.Ke3 d4+ 63.Ke2 Kd5 64.Nb2 Kc5 65.Nc4 a4 66.Nb2
axb3 67.axb3 Kd5 68.Nd1 1-0

[Event "Continental"]
[Site "Sao Paulo BRA"]
[Date "2009.07.29"]
[Round "6.124"]
[White "Costa, Romualdo Mendonca da"]
[Black "Costa, Giovanni de Almeida"]
[Result "0-1"]
[WhiteElo "1813"]
[BlackElo "1931"]
[EventDate "2009.07.25"]
[PlyCount "100"]

1.d4 d5 2.c4 e6 3.Nc3 Be7 4.Nf3 Nf6 5.Bg5 Nbd7 6.e3 h6 7.Bh4 b6 8.Bd3 O-O 
9.O-O Bb7 10.cxd5 Nxd5 11.Bxe7 Qxe7 12.Rc1 c5 13.Re1 cxd4 14.exd4 Nxc3 15.
Rxc3 Rac8 16.d5 Bxd5 17.Bh7+ Kxh7 18.Qxd5 Rxc3 19.bxc3 Nf6 20.Qd3+ Kg8 21.
Rd1 Qc7 22.h3 Rc8 23.Qa6 Ne4 24.Rc1 Rd8 25.Qe2 Nxc3 26.Kf1 Nxe2 27.Rxc7 
Nf4 28.Rc1 Rd5 29.h4 Kf8 30.g3 Ng6 31.Rc8+ Ke7 32.Rc7+ Rd7 33.Rc3 f6 34.
Ke2 Kd8 35.Ke3 Ne7 36.Ke2 Nd5 37.Rc1 Rc7 38.Rxc7 Kxc7 39.Nd4 Kd7 40.a3 a6 
41.Kd3 g6 42.Nc2 Kd6 43.f3 e5 44.Na1 a5 45.Nb3 Nc7 46.a4 Kd5 47.Nd2 Ne6 
48.Ne4 Nc5+ 49.Kc3 Nxe4+ 50.fxe4+ Kc5 0-1

[Event "Continental"]
[Site "Sao Paulo BRA"]
[Date "2009.07.29"]
[Round "6.126"]
[White "Branchini, Fernando Luis Sakamot"]
[Black "Machado, Gilmar Dias"]
[Result "1-0"]
[WhiteElo "1838"]
[BlackElo "1960"]
[EventDate "2009.07.25"]
[PlyCount "53"]

1.e4 e5 2.Nf3 Nc6 3.Bb5 Nf6 4.O-O Nxe4 5.Re1 Nd6 6.Bxc6 dxc6 7.Nxe5 Be7 8.
d4 O-O 9.Bf4 Bf6 10.c3 Be6 11.Nd3 Qc8 12.Nc5 Bd5 13.Nd2 g6 14.Nde4 Nxe4 
15.Nxe4 Bg7 16.Qd2 Re8 17.Ng3 Qd7 18.b3 Rad8 19.Rxe8+ Rxe8 20.Re1 Be6 21.
Bh6 Bh8 22.Ne4 Qd5 23.Qf4 f5 24.Ng5 Bf6 25.Qxc7 Bd7 26.Rxe8+ Bxe8 27.Qxh7#
1-0